[Event "Mercantile Bank 33rd ch-BAN"]
[Site "Dhaka BAN"]
[Date "2007.04.07"]
[Round "6"]
[White "Rahman,Zia"]
[Black "Mohammad,Ali"]
[Result "1-0"]
[WhiteElo "2543"]
[BlackElo "2200"]
[EventDate "2007.04.02"]

1. Nf3 d5 2. d4 Nf6 3. c4 c6 4. Nc3 dxc4 5. a4 Bf5 6. e3 e6 7. Bxc4 Nbd7 8.
O-O a5 9. Qe2 Bb4 10. e4 Bg4 11. Rd1 Qc7 12. h3 Bxf3 13. Qxf3 e5 14. Qg3
O-O 15. Bh6 Ne8 16. dxe5 Qxe5 17. Rxd7 Qxg3 18. fxg3 gxh6 19. e5 Bxc3 20.
bxc3 Rb8 21. Rf1 1-0

[Event "Mercantile Bank 33rd ch-BAN"]
[Site "Dhaka BAN"]
[Date "2007.04.07"]
[Round "6"]
[White "Minhazuddin,A"]
[Black "Abdulla,AlR"]
[Result "0-1"]
[WhiteElo "2225"]
[BlackElo "2518"]
[EventDate "2007.04.02"]

1. d4 d5 2. c4 c6 3. cxd5 cxd5 4. Nc3 Nf6 5. Bg5 Ne4 6. Nxe4 dxe4 7. Qd2
Qd5 8. a3 Nc6 9. Rd1 Bf5 10. Bh4 e5 11. dxe5 Qxd2+ 12. Rxd2 e3 13. fxe3
Nxe5 14. e4 Bxe4 15. Nf3 Nc6 16. e3 Bc5 17. Bc4 O-O 18. Kf2 Kh8 19. b4 Bb6
20. Bg3 f6 21. Ke2 Rfe8 22. Re1 Rac8 23. Bb5 a6 24. Bd3 h5 25. Bxe4 Rxe4
26. Rd3 Rce8 27. Kf2 Rc4 28. Nd2 Rc2 29. Re2 Nd8 30. Nb3 Rc4 31. Bd6 Ne6
32. Nc5 Nxc5 33. Bxc5 Bxc5 34. bxc5 Rxc5 35. Rb2 Re7 36. Rb6 Rf5+ 37. Ke2
Rc7 38. Rd2 Rc3 39. a4 Re5 40. Rxb7 Rcxe3+ 41. Kf2 R3e4 42. g3 Rxa4 43. Kg2
h4 44. Rbb2 hxg3 45. hxg3 Ra3 46. Ra2 Rxa2 47. Rxa2 a5 48. Rc2 Kh7 49. Rc7
a4 50. Ra7 Re4 51. Kh3 f5 52. Kg2 Kh6 53. Kh3 Rc4 54. Ra6+ Kg5 55. Ra7 Kf6
56. Ra5 Rg4 57. Rd5 Ke6 58. Rc5 g6 59. Rc6+ Kd5 60. Rc7 Rc4 61. Rg7 a3 62.
Ra7 Rc3 63. Kh4 Kc4 64. g4 fxg4 0-1

[Event "Mercantile Bank 33rd ch-BAN"]
[Site "Dhaka BAN"]
[Date "2007.04.07"]
[Round "6"]
[White "Islam,Kh"]
[Black "Hossain,Enam"]
[Result "1/2-1/2"]
[WhiteElo "2315"]
[BlackElo "2495"]
[EventDate "2007.04.02"]

1. d4 d5 2. c4 c6 3. Nc3 Nf6 4. e3 Bf5 5. cxd5 cxd5 6. Qb3 Bc8 7. Nf3 e6 8.
Ne5 a6 9. Bd3 Be7 10. O-O O-O 11. Bd2 b5 12. Ne2 Bb7 13. Rfc1 Nfd7 14. Nxd7
Qxd7 15. a4 bxa4 16. Rxa4 Bc6 17. Raa1 Ra7 18. Bc3 g6 19. Ra2 Rb7 20. Qd1
Bb5 21. Rca1 Rc8 22. Nc1 Nc6 23. Qe1 a5 24. Qe2 Bxd3 1/2-1/2

[Event "Mercantile Bank 33rd ch-BAN"]
[Site "Dhaka BAN"]
[Date "2007.04.07"]
[Round "6"]
[White "Abu Sufian,S"]
[Black "Rahman,SM"]
[Result "1-0"]
[WhiteElo "2356"]
[BlackElo "2247"]
[EventDate "2007.04.02"]

1. e4 c5 2. Nf3 Nc6 3. Bb5 d6 4. O-O Bd7 5. c3 a6 6. Bxc6 Bxc6 7. Re1 Nf6
8. d4 Bxe4 9. Bg5 Bxb1 10. Rxb1 cxd4 11. Bxf6 gxf6 12. Nxd4 Qd7 13. Qh5 e5
14. Nf5 Rc8 15. Rbd1 h6 16. f4 Qe6 17. Rxd6 Bxd6 18. Ng7+ Ke7 19. Nxe6 fxe6
20. f5 exf5 21. Qxf5 h5 22. Re4 Bc5+ 23. Kf1 Rcd8 24. Ke2 Rd6 25. Rh4 Rhd8
26. Qc2 Rh8 27. g4 e4 28. b4 Ba7 29. c4 Rd3 30. c5 Rg8 31. Qc4 1-0

[Event "Mercantile Bank 33rd ch-BAN"]
[Site "Dhaka BAN"]
[Date "2007.04.07"]
[Round "6"]
[White "Mohammad,J"]
[Black "Reefat,S"]
[Result "1/2-1/2"]
[WhiteElo "2267"]
[BlackElo "2479"]
[EventDate "2007.04.02"]

1. e4 e6 2. d4 d5 3. Nc3 Nf6 4. e5 Nfd7 5. f4 c5 6. Nf3 a6 7. Be3 Qb6 8. a3
Nc6 9. Na4 Qa5+ 10. c3 c4 11. b4 cxb3 12. Qxb3 Qc7 13. Be2 Na5 14. Qc2 Nc4
15. Bxc4 dxc4 16. O-O b5 17. f5 exf5 18. Ng5 bxa4 19. Nxf7 Nb6 20. Nxh8 g6
21. Bg5 Qc6 22. Rfe1 Be6 23. Qf2 Nd5 24. Qh4 Ra7 25. Rab1 Rb7 26. Nxg6 hxg6
27. Qh8 Nxc3 28. Bh6 Nxb1 29. Qxf8+ Kd7 30. Bg5 Qd5 31. Qd8+ Kc6 32. Qe8+
Qd7 33. Qa8 Nc3 34. Qxa6+ Kd5 35. Qa5+ Nb5 36. Rc1 Kc6 37. Qa6+ Kc7 38.
Qxa4 Qxd4+ 39. Kh1 Kb8 40. h3 Qa7 41. Qd1 Rd7 42. Qe1 Qxa3 43. Ra1 Qc3 44.
Qb1 Qb3 45. Qe1 Nc3 46. Bd2 Rd3 47. Rc1 Nb5 48. Rb1 Qa4 49. Qf2 Kc8 50. Qb6
Nc7 51. Qb8+ Kd7 52. Bb4 Rd1+ 53. Rxd1+ Qxd1+ 54. Kh2 Qb3 55. Qb6 f4 56.
Qd6+ Kc8 57. Ba5 Kb7 58. Qxc7+ Ka6 59. Be1 Qb6 60. Qe7 Bf5 61. Qa3+ Kb7 62.
Qf3+ Qc6 63. Qxf4 Qe4 1/2-1/2

[Event "Mercantile Bank 33rd ch-BAN"]
[Site "Dhaka BAN"]
[Date "2007.04.07"]
[Round "6"]
[White "Rahman,Tai"]
[Black "Murshed,N"]
[Result "1/2-1/2"]
[WhiteElo "2269"]
[BlackElo "2448"]
[EventDate "2007.04.02"]

1. d4 g6 2. c4 Bg7 3. Nf3 d6 4. Nc3 Nc6 5. e4 e5 6. Bg5 f6 7. Be3 exd4 8.
Nxd4 Nge7 9. Be2 O-O 10. O-O f5 11. Nxc6 bxc6 12. Bd4 Bxd4 13. Qxd4 c5 14.
Qd2 Be6 15. f4 Rb8 16. b3 Nc6 17. exf5 gxf5 18. Bf3 Nd4 19. Rfe1 Bf7 20.
Re3 Qf6 21. Bd5 c6 22. Bxf7+ Rxf7 23. Ne2 Rd8 24. Rd1 d5 25. Nxd4 dxc4 26.
Re6 Rxd4 27. Rxf6 Rxd2 28. Rxd2 Rxf6 29. bxc4 Re6 30. Rd8+ Kg7 31. Rd7+ Kg6
32. Rxa7 Re4 33. Ra6 Rxc4 34. Rxc6+ Kh5 35. h3 Rxf4 36. Rxc5 Kg6 37. Rc3
Rd4 38. Rc2 Ra4 39. Kf2 Ra3 40. Ke2 Kg5 41. Kd1 Kf4 42. Rf2+ Ke4 43. Kc1
Ra8 44. Kb2 Rb8+ 45. Kc3 Rc8+ 46. Kb4 Rb8+ 47. Kc5 Ra8 48. Kd6 h5 49. Ke6
Ra6+ 50. Kf7 h4 51. a4 Rxa4 52. Kg6 Ra8 53. Kg5 Rg8+ 54. Kxh4 f4 55. Kh5 f3
56. Rxf3 Rxg2 57. Rf8 Ke5 58. h4 Ke6 59. Kh6 Ke7 1/2-1/2

[Event "Mercantile Bank 33rd ch-BAN"]
[Site "Dhaka BAN"]
[Date "2007.04.08"]
[Round "7"]
[White "Murshed,N"]
[Black "Ahmed,SN"]
[Result "0-1"]
[WhiteElo "2448"]
[BlackElo "2324"]
[EventDate "2007.04.02"]

1. Nf3 Nf6 2. c4 e6 3. g3 b6 4. Bg2 Bb7 5. d4 Be7 6. Nc3 Ne4 7. Bd2 O-O 8.
Qc2 Nxd2 9. Qxd2 Bb4 10. O-O Bxc3 11. Qxc3 d6 12. c5 Be4 13. Rac1 Nd7 14.
cxd6 cxd6 15. Nd2 Bxg2 16. Kxg2 Nf6 17. e4 Rc8 18. Qd3 Qd7 19. f3 h6 20.
Qa6 Rc7 21. Rxc7 Qxc7 22. Nb3 Qc2+ 23. Rf2 Qc7 24. Nd2 Rc8 25. Nb1 Qc4 26.
Qxc4 Rxc4 27. Rd2 Kf8 28. Nc3 Ke7 29. Kf2 a6 30. Ke3 Rc7 31. Kd3 Nd7 32.
Rc2 Kd8 33. a4 Nf6 34. Rc1 d5 35. e5 Nd7 36. f4 Nb8 37. f5 Nc6 38. f6 gxf6
39. exf6 Kd7 40. Rd1 Rc8 41. Rf1 Rg8 42. b3 Kd6 43. Ne2 Rg6 44. Kc3 Nb8 45.
a5 bxa5 46. Kd3 Nd7 47. Ra1 Rxf6 48. Ke3 Nb8 49. Rxa5 Rf1 50. Ra3 Kc6 51.
Ra2 Rb1 52. Rc2+ Kd6 53. Rc3 Nc6 54. h4 f6 55. Kd2 Rb2+ 56. Kd1 e5 57. Rf3
Ke6 58. dxe5 fxe5 59. Rf8 d4 60. Rh8 Rxb3 61. Rxh6+ Kd5 62. h5 d3 63. Nc1
Rb1 64. Rh8 e4 65. h6 e3 0-1

[Event "Mercantile Bank 33rd ch-BAN"]
[Site "Dhaka BAN"]
[Date "2007.04.08"]
[Round "7"]
[White "Reefat,S"]
[Black "Rahman,Tai"]
[Result "1/2-1/2"]
[WhiteElo "2479"]
[BlackElo "2269"]
[EventDate "2007.04.02"]

1. e4 c5 2. Nc3 Nc6 3. Bb5 Nd4 4. Bc4 e6 5. Nge2 Nf6 6. O-O a6 7. d3 b5 8.
Bb3 Nxb3 9. axb3 Bb7 10. e5 b4 11. Na4 Nd5 12. d4 cxd4 13. Qxd4 f6 14. Nf4
Rc8 15. Nxd5 Bxd5 16. Bf4 Be7 17. exf6 Bxf6 18. Qxb4 Be7 19. Qd2 O-O 20.
Be3 Bd6 21. f3 Qc7 22. Nb6 Bxh2+ 23. Kh1 Qe5 24. Qd4 Rxc2 25. Qxe5 Bxe5 26.
Nxd7 Rf5 27. Nxe5 Rxe5 28. Rf2 Rc6 29. Bd4 Rh5+ 30. Kg1 Bxb3 31. Bc3
1/2-1/2

[Event "Mercantile Bank 33rd ch-BAN"]
[Site "Dhaka BAN"]
[Date "2007.04.08"]
[Round "7"]
[White "Rahman,SM"]
[Black "Mohammad,J"]
[Result "0-1"]
[WhiteElo "2247"]
[BlackElo "2267"]
[EventDate "2007.04.02"]

1. d4 d5 2. Nf3 Nf6 3. c4 c6 4. Nc3 a6 5. b3 Bg4 6. Ne5 Bh5 7. Bb2 e6 8. f3
Bd6 9. Nd3 O-O 10. e3 Ne4 11. Qe2 Qh4+ 12. Kd1 f5 13. Kc2 b5 14. c5 Bg3 15.
Rc1 a5 16. a3 Nd7 17. Na2 f4 18. Kb1 Rae8 19. Qc2 fxe3 20. Be2 Nd2+ 21. Ka1
Bc7 22. Bc3 Bg6 23. g3 Qh6 24. f4 Be4 25. Bxd2 exd2 26. Qxd2 Bxh1 27. Rxh1
e5 28. dxe5 Rxe5 29. Nxe5 Bxe5+ 30. Kb1 Nxc5 31. Qc2 Bd4 32. Re1 Qf6 33.
Nc3 0-1

[Event "Mercantile Bank 33rd ch-BAN"]
[Site "Dhaka BAN"]
[Date "2007.04.08"]
[Round "7"]
[White "Hossain,Enam"]
[Black "Abu Sufian,S"]
[Result "1-0"]
[WhiteElo "2495"]
[BlackElo "2356"]
[EventDate "2007.04.02"]

1. e4 c5 2. Nf3 d6 3. d4 cxd4 4. Nxd4 Nf6 5. Nc3 g6 6. Be3 Bg7 7. f3 Nc6 8.
Qd2 O-O 9. Bc4 Bd7 10. O-O-O Rc8 11. Bb3 Ne5 12. h4 h5 13. Bh6 Nc4 14. Bxc4
Rxc4 15. Bxg7 Kxg7 16. Kb1 Qa5 17. Nb3 Qa6 18. g4 hxg4 19. h5 Rh8 20. hxg6
Rxh1 21. Rxh1 fxg6 22. Qh6+ Kf7 23. Nd5 Nxd5 24. Qh7+ Kf6 25. Qh8+ Ke6 26.
Qg8+ Kf6 27. Qf8+ Ke6 28. exd5+ Kxd5 29. Qxe7 Kc6 30. Rd1 Kc7 31. fxg4 Qc6
32. g5 Rh4 33. Rd3 a5 34. a3 Re4 35. Qg7 a4 36. Na5 Qb5 37. Qc3+ Bc6 38.
Nxc6 bxc6 39. Qg7+ Kb6 40. Qg8 d5 41. b3 Re1+ 42. Kb2 Re2 43. Qxg6 Qc5 44.
Rc3 Qb5 45. Qd6 Rxc2+ 46. Rxc2 Qxb3+ 47. Kc1 Qe3+ 48. Kb1 1-0

[Event "Mercantile Bank 33rd ch-BAN"]
[Site "Dhaka BAN"]
[Date "2007.04.08"]
[Round "7"]
[White "Abdulla,AlR"]
[Black "Islam,Kh"]
[Result "1-0"]
[WhiteElo "2518"]
[BlackElo "2315"]
[EventDate "2007.04.02"]

1. d4 d5 2. c4 e6 3. Nc3 Be7 4. Nf3 Nf6 5. Bg5 h6 6. Bh4 O-O 7. e3 b6 8.
Qb3 c6 9. Rd1 Bb7 10. Bd3 Nbd7 11. O-O Nh5 12. Bxe7 Qxe7 13. Rfe1 Nhf6 14.
e4 dxe4 15. Nxe4 c5 16. d5 exd5 17. cxd5 Nxe4 18. Bxe4 Qd6 19. Nh4 Qf6 20.
Nf5 Rfe8 21. f3 Kf8 22. d6 Bxe4 23. fxe4 Qe6 24. Qh3 Rad8 25. Qg4 Qf6 26.
Rf1 Qg5 27. Qe2 Re6 28. h4 Qg6 29. Rd3 Nf6 30. e5 Qg4 31. Rdf3 Qa4 32. Rf4
Qe8 33. Nxg7 Kxg7 34. Rxf6 Rxf6 35. Rxf6 1-0

[Event "Mercantile Bank 33rd ch-BAN"]
[Site "Dhaka BAN"]
[Date "2007.04.08"]
[Round "7"]
[White "Mohammad,Ali"]
[Black "Minhazuddin,A"]
[Result "0-1"]
[WhiteElo "2200"]
[BlackElo "2225"]
[EventDate "2007.04.02"]

1. e4 e5 2. Nf3 Nf6 3. d4 Nxe4 4. Bd3 d5 5. Nxe5 Nd7 6. Nc3 Nxe5 7. dxe5
Nxc3 8. bxc3 Bc5 9. Qh5 Be6 10. a4 d4 11. Be4 c6 12. O-O Qc7 13. Bg5 Qxe5
14. Rfe1 Qd6 15. Rab1 Qd7 16. cxd4 Be7 17. Bxe7 Qxe7 18. c4 O-O-O 19. d5
Qc5 20. Bf3 g6 21. Qe5 Bf5 22. Rb3 Rhe8 23. Qxe8 Rxe8 24. Rxe8+ Kc7 25.
Rbe3 Qxc4 26. dxc6 Be6 27. h3 bxc6 28. a5 Qb5 29. Re7+ Kd8 30. R3xe6 fxe6
31. Rxe6 c5 32. a6 c4 33. Rc6 Kd7 34. Rf6 c3 35. Rf7+ Ke6 36. Rxa7 Qb1+ 37.
Kh2 0-1

[Event "Mercantile Bank 33rd ch-BAN"]
[Site "Dhaka BAN"]
[Date "2007.04.08"]
[Round "7"]
[White "Abdul,Mal"]
[Black "Rahman,Zia"]
[Result "0-1"]
[WhiteElo "2255"]
[BlackElo "2543"]
[EventDate "2007.04.02"]

1. d4 Nf6 2. Nf3 e6 3. c4 b6 4. g3 Ba6 5. b3 Bb7 6. Bg2 Bb4+ 7. Bd2 a5 8.
O-O O-O 9. Bc3 d5 10. Ne5 Nbd7 11. Nxd7 Qxd7 12. a3 Be7 13. Nd2 Rfd8 14.
Qc2 c5 15. e3 a4 16. dxc5 axb3 17. Qxb3 bxc5 18. Rfb1 Bc6 19. Qb6 Bd6 20.
Qb2 Rdb8 21. Qa2 Be7 22. Be5 Rc8 23. Rd1 Qa7 24. Nb1 Nd7 25. Bb2 Ba4 26.
Nc3 Bxd1 27. Rxd1 d4 28. exd4 Rab8 29. d5 exd5 30. Nxd5 Bf8 31. Bh3 Rd8 32.
Bc1 Ne5 33. Qe2 Re8 34. Bf5 Ng6 35. Qg4 Qa5 36. Kg2 Qa6 37. h4 Ne5 38. Qh5
g6 39. Qg5 Bg7 40. Bd3 Nxd3 41. Rxd3 Qxc4 42. Rf3 Re1 0-1

[Event "Mercantile Bank 33rd ch-BAN"]
[Site "Dhaka BAN"]
[Date "2007.04.10"]
[Round "8"]
[White "Ahmed,SN"]
[Black "Rahman,Zia"]
[Result "0-1"]
[WhiteElo "2324"]
[BlackElo "2543"]
[EventDate "2007.04.02"]

1. e4 c5 2. Nf3 e6 3. d4 cxd4 4. Nxd4 Nc6 5. Nc3 Qc7 6. Be3 a6 7. Qd2 Nf6
8. O-O-O Bb4 9. f3 Ne7 10. Nde2 b5 11. g4 h6 12. Rg1 Ng6 13. Ng3 Ba5 14. a3
b4 15. axb4 Bxb4 16. Qd4 Rb8 17. Nh5 Nxh5 18. gxh5 Ne5 19. Be2 d6 20. Nb1
Bd7 21. Qa7 Qxa7 22. Bxa7 Rb7 23. Bd4 Bb5 24. Bxb5+ Rxb5 25. c3 Nxf3 26.
cxb4 Nxg1 27. Rxg1 Rxh5 28. Bxg7 Rg8 29. Bd4 Rxg1+ 30. Bxg1 f5 31. exf5
Rxf5 32. Be3 Rh5 33. Bf4 Kd7 34. Bg3 Rb5 35. Be1 Re5 36. Kd1 Re4 37. Na3
Kc6 38. Nc2 d5 39. Kd2 Rg4 40. Kc3 e5 41. Kd3 h5 42. h4 Rg2 43. Ne3 Rxb2
44. Nf5 Rb1 45. Bd2 Rb3+ 46. Kc2 Rh3 47. Be1 d4 48. Ng7 Rh2+ 49. Kd1 Kd5
50. Nxh5 Ke4 51. Nf6+ Kf3 52. Nd7 e4 53. Nc5 Ra2 54. Nb3 d3 55. h5 e3 56.
Nc1 e2+ 0-1

[Event "Mercantile Bank 33rd ch-BAN"]
[Site "Dhaka BAN"]
[Date "2007.04.10"]
[Round "8"]
[White "Islam,Kh"]
[Black "Mohammad,Ali"]
[Result "1-0"]
[WhiteElo "2315"]
[BlackElo "2200"]
[EventDate "2007.04.02"]

1. d4 d5 2. c4 c6 3. Nf3 Nf6 4. Nc3 dxc4 5. a4 Bf5 6. e3 e6 7. Ne5 Nbd7 8.
Nxd7 Qxd7 9. Bxc4 Nd5 10. O-O Bg6 11. f3 Rd8 12. Ne2 Be7 13. e4 Nb4 14. Be3
O-O 15. Bf2 a6 16. a5 c5 17. Qb3 cxd4 18. Nxd4 Bc5 19. Nxe6 Bxf2+ 20. Rxf2
fxe6 21. Bxe6+ Bf7 22. Bxf7+ Rxf7 23. Qxb4 Qd3 24. Re1 Rc7 25. e5 Qd5 26.
e6 Re8 27. Rd2 Qc5+ 28. Qxc5 Rxc5 29. Rd7 Rb5 30. Re2 b6 31. axb6 Rxb6 32.
e7 Kf7 33. Ra7 a5 34. Kf2 h6 35. Ke1 Rb5 36. Kf2 Rh5 37. h3 Rb5 38. h4 Rb4
39. Kg3 Rb5 40. Kh3 Rf5 41. Re3 Rb5 42. b3 Rc5 43. g4 Rb5 44. Kg3 Rd5 45.
h5 Rb5 46. Kf2 Rc5 47. Ke2 Rd5 48. Rc7 Rd4 49. Rc5 a4 50. Rc4 Rd7 51. Rf4+
Kg8 52. bxa4 Rexe7 53. Rxe7 Rxe7+ 54. Kd3 Re1 55. a5 Ra1 56. Rf5 g6 57.
hxg6 Kg7 58. Kc4 Kxg6 59. Kb5 Rb1+ 60. Kc6 Ra1 61. Kb6 Ra3 62. a6 1-0

[Event "Mercantile Bank 33rd ch-BAN"]
[Site "Dhaka BAN"]
[Date "2007.04.10"]
[Round "8"]
[White "Abu Sufian,S"]
[Black "Abdulla,AlR"]
[Result "1/2-1/2"]
[WhiteElo "2356"]
[BlackElo "2518"]
[EventDate "2007.04.02"]

1. e4 e5 2. Nf3 Nc6 3. Bb5 g6 4. d4 exd4 5. Bg5 f6 6. Bh4 Bg7 7. Nxd4 Nge7
8. Nc3 O-O 9. O-O Kh8 10. Nxc6 bxc6 11. Bc4 Rb8 12. Qd2 Rb4 13. b3 d5 14.
Rad1 g5 1/2-1/2

[Event "Mercantile Bank 33rd ch-BAN"]
[Site "Dhaka BAN"]
[Date "2007.04.10"]
[Round "8"]
[White "Mohammad,J"]
[Black "Hossain,Enam"]
[Result "0-1"]
[WhiteElo "2267"]
[BlackElo "2495"]
[EventDate "2007.04.02"]

1. e4 c5 2. Nf3 e6 3. d4 cxd4 4. Nxd4 a6 5. Nc3 Qc7 6. Bd3 Nf6 7. O-O Bc5
8. Nb3 Be7 9. f4 d6 10. a4 Nc6 11. Be3 b6 12. Qe2 Bb7 13. Qf2 Nd7 14. f5
O-O 15. Qg3 Nb4 16. fxe6 fxe6 17. Nd4 Nc5 18. Bc4 Kh8 19. Nxe6 Nxe6 20.
Bxe6 Nxc2 21. Rxf8+ Rxf8 22. Rc1 Nxe3 23. Qxe3 d5 24. Rf1 dxe4 25. Rxf8+
Bxf8 26. Kf1 Qd8 27. Ke2 Bc5 28. Qd2 Qxd2+ 29. Kxd2 e3+ 30. Ke2 Bxg2 31.
Nd1 Bc6 32. b3 g5 33. Nxe3 Bxe3 34. Kxe3 Kg7 35. Kd4 Kf6 36. Bc8 a5 37. Bg4
h6 38. Bc8 h5 39. h3 Ke7 40. Kc4 Kd6 41. Bf5 Bd7 42. Bxd7 Kxd7 43. b4 0-1

[Event "Mercantile Bank 33rd ch-BAN"]
[Site "Dhaka BAN"]
[Date "2007.04.10"]
[Round "8"]
[White "Murshed,N"]
[Black "Reefat,S"]
[Result "1-0"]
[WhiteElo "2448"]
[BlackElo "2479"]
[EventDate "2007.04.02"]

1. d4 e6 2. Nf3 Nf6 3. c4 c5 4. d5 d6 5. Nc3 exd5 6. cxd5 g6 7. g3 Bg7 8.
Bg2 O-O 9. O-O Na6 10. Bf4 Rb8 11. Nb5 Ne8 12. Qb3 Nac7 13. Nxa7 Bd7 14.
Rad1 Ra8 15. Qxb7 Rb8 16. Nc6 Rxb7 17. Nxd8 Rxb2 18. e4 Nb5 19. Rd2 c4 20.
Rxb2 Bxb2 21. Bc1 Bg7 22. Nc6 Nf6 23. Nd2 c3 24. Nc4 Ra8 25. a3 Ra4 26. Nb4
Be8 27. Bf4 Nxa3 28. Nxa3 Rxb4 29. Bxd6 Ra4 30. Re1 Bf8 31. Bxf8 Kxf8 32.
Nc2 Ng4 33. Rc1 Ra2 34. Nd4 Rxf2 35. h3 Ne5 36. Rxc3 Rd2 37. Nf3 Rd1+ 38.
Kf2 Nd7 39. Rc8 Ke7 40. Ke2 Ra1 41. d6+ Kf8 42. e5 Rb1 43. Ke3 Rb8 44. Rxb8
Nxb8 45. Nd4 Bd7 46. h4 Na6 47. Nb3 f6 48. Bb7 Nb8 49. Ke4 Bf5+ 50. Kf4 Nd7
51. exf6 Nxf6 52. Nc5 Kf7 53. Bf3 h5 54. Ke5 1-0

[Event "Mercantile Bank 33rd ch-BAN"]
[Site "Dhaka BAN"]
[Date "2007.04.10"]
[Round "8"]
[White "Rahman,Tai"]
[Black "Rahman,SM"]
[Result "1-0"]
[WhiteElo "2269"]
[BlackElo "2247"]
[EventDate "2007.04.02"]

1. d4 d5 2. c4 c6 3. Nf3 Nf6 4. Nc3 a6 5. a4 e6 6. Bg5 Be7 7. e3 O-O 8. Bd3
Nbd7 9. O-O c5 10. Qe2 cxd4 11. exd4 dxc4 12. Bxc4 Nb6 13. Bb3 Nbd5 14.
Rad1 Re8 15. Ne5 h6 16. Bh4 Qa5 17. Qf3 Rf8 18. Rfe1 Bd6 19. Bg3 Bb4 20.
Rd3 Bd7 21. Bxd5 exd5 22. Bh4 Qd8 23. Bxf6 gxf6 24. Nxd7 Qxd7 25. Nxd5 Qd6
26. Nxf6+ Kh8 27. Qf5 Kg7 28. Qh7+ 1-0

[Event "Mercantile Bank 33rd ch-BAN"]
[Site "Dhaka BAN"]
[Date "2007.04.11"]
[Round "9"]
[White "Reefat,S"]
[Black "Ahmed,SN"]
[Result "1-0"]
[WhiteElo "2479"]
[BlackElo "2324"]
[EventDate "2007.04.02"]

1. e4 e5 2. Nf3 Nc6 3. Bc4 Nf6 4. d3 Be7 5. O-O O-O 6. Re1 d6 7. a4 Re8 8.
a5 a6 9. c3 Bf8 10. Qb3 Qd7 11. Bg5 Nh5 12. Nbd2 h6 13. Be3 Nd8 14. Qd1 Nf4
15. Bxf4 exf4 16. d4 g5 17. h3 Bg7 18. Bb3 Rf8 19. e5 d5 20. c4 c6 21. Rc1
Ne6 22. cxd5 cxd5 23. Nb1 Qb5 24. Nc3 Qxa5 25. Nxd5 Qd8 26. Nh2 b6 27. Ng4
Bb7 28. Ndf6+ Bxf6 29. exf6 Kh8 30. Nxh6 Qxf6 31. Qh5 Kg7 32. Rxe6 1-0

[Event "Mercantile Bank 33rd ch-BAN"]
[Site "Dhaka BAN"]
[Date "2007.04.11"]
[Round "9"]
[White "Rahman,SM"]
[Black "Murshed,N"]
[Result "0-1"]
[WhiteElo "2247"]
[BlackElo "2448"]
[EventDate "2007.04.02"]

1. e4 e6 2. d4 d5 3. Nc3 Bb4 4. e5 c5 5. a3 Bxc3+ 6. bxc3 Qc7 7. Qg4 f5 8.
Qg3 cxd4 9. cxd4 Ne7 10. Bd3 Qc3+ 0-1

[Event "Mercantile Bank 33rd ch-BAN"]
[Site "Dhaka BAN"]
[Date "2007.04.11"]
[Round "9"]
[White "Abdulla,AlR"]
[Black "Mohammad,J"]
[Result "1-0"]
[WhiteElo "2518"]
[BlackElo "2267"]
[EventDate "2007.04.02"]

1. d4 d5 2. e3 Nf6 3. Bd3 c6 4. Nd2 g6 5. f4 Bf5 6. Ngf3 e6 7. O-O Nbd7 8.
Ne5 h5 9. Qe2 Bg7 10. b3 O-O 11. Bb2 Ne4 12. Bxe4 Bxe4 13. Nxe4 dxe4 14.
Rad1 Qc7 15. h3 a5 16. g4 hxg4 17. hxg4 Nxe5 18. fxe5 f5 19. Ba3 Rf7 20.
gxf5 gxf5 21. Qg2 c5 22. c4 cxd4 23. Bd6 Qd8 24. exd4 Kh7 25. Qh3+ Bh6 26.
Kh1 Rg7 27. Rg1 Rg5 28. d5 e3 29. dxe6 e2 30. Rde1 a4 31. b4 Rxg1+ 32. Rxg1
Qg5 33. Rxg5 e1=Q+ 34. Kh2 Qd2+ 35. Rg2 Qf4+ 36. Qg3 Rg8 37. Qxf4 Bxf4+ 38.
Kg1 Be3+ 39. Kf1 Rxg2 40. Kxg2 Kg6 41. Kf3 1-0

[Event "Mercantile Bank 33rd ch-BAN"]
[Site "Dhaka BAN"]
[Date "2007.04.11"]
[Round "9"]
[White "Abdul,Mal"]
[Black "Islam,Kh"]
[Result "0-1"]
[WhiteElo "2255"]
[BlackElo "2315"]
[EventDate "2007.04.02"]

1. Nf3 d5 2. c4 c6 3. e3 Nf6 4. Nc3 a6 5. d4 b5 6. b3 Bf5 7. Ne5 e6 8. c5
Nfd7 9. g4 Bg6 10. Nxd7 Nxd7 11. h4 h5 12. g5 Bf5 13. Bd3 Bxd3 14. Qxd3 e5
15. Bd2 g6 16. O-O-O Bg7 17. Rde1 O-O 18. Kb1 Re8 19. f3 exd4 20. exd4 Nf8
21. Rxe8 Qxe8 22. Re1 Qd7 23. f4 Re8 24. Rxe8 Qxe8 25. f5 gxf5 26. Be3 Ng6
27. Bf2 Qe6 28. Kc2 f4 29. a4 Qg4 30. axb5 axb5 31. Qe2 Qg2 32. Qe8+ Bf8
33. Qe2 f3 34. Qd2 Qg4 35. Qe3 Nxh4 36. Bxh4 Qxh4 37. Qxf3 Qxg5 38. Ne2 Bg7
39. Kc3 h4 40. Qf4 Qh5 41. Ng1 h3 42. Nf3 f5 43. Ng5 h2 0-1

[Event "Mercantile Bank 33rd ch-BAN"]
[Site "Dhaka BAN"]
[Date "2007.04.11"]
[Round "9"]
[White "Rahman,Zia"]
[Black "Minhazuddin,A"]
[Result "1/2-1/2"]
[WhiteElo "2543"]
[BlackElo "2225"]
[EventDate "2007.04.02"]

1. Nf3 d5 2. d4 Nf6 3. c4 c6 4. Nc3 dxc4 5. a4 Bf5 6. e3 e6 7. Bxc4 Bb4 8.
O-O O-O 9. Nh4 Bg4 10. f3 Nd5 11. Qe1 Be7 12. fxg4 Bxh4 13. Qe2 c5 14. dxc5
Nxc3 15. bxc3 Nd7 16. Ba3 Be7 17. Rfd1 Qc7 18. c6 Nc5 19. cxb7 Qxb7 20. Qf3
Qxf3 21. gxf3 Rfc8 22. a5 Bf6 23. Bb4 Rab8 24. Be2 h5 25. gxh5 Nb3 26. Rab1
Nc5 27. Ra1 Nb3 28. Ra3 Bxc3 29. Bxc3 Rxc3 30. Kf2 Rc2 31. Rb1 Rxe2+ 32.
Kxe2 Nd4+ 33. exd4 Rxb1 34. Rc3 Rb5 35. Rc8+ Kh7 36. Rc5 Rb2+ 37. Kd3 Rxh2
38. Rc7 Rxh5 39. Rxa7 Rf5 40. Ke4 Kg6 41. a6 Ra5 42. Ra8 Kf6 43. Kd3 Ra3+
44. Ke4 g6 45. Kf4 Ra4 46. Ke3 Kf5 47. Ra7 Ra3+ 48. Ke2 f6 49. Ra8 Ra2+ 50.
Kd3 Ra3+ 51. Ke2 Ra2+ 1/2-1/2

[Event "Mercantile Bank 33rd ch-BAN"]
[Site "Dhaka BAN"]
[Date "2007.04.12"]
[Round "10"]
[White "Ahmed,SN"]
[Black "Minhazuddin,A"]
[Result "1-0"]
[WhiteElo "2324"]
[BlackElo "2225"]
[EventDate "2007.04.02"]

1. e4 e5 2. Bc4 c5 3. d3 d6 4. f4 Nf6 5. Nf3 Bg4 6. fxe5 Bxf3 7. Qxf3 dxe5
8. Nc3 Nc6 9. Nd5 Nd4 10. Nxf6+ Qxf6 11. Qxf6 gxf6 12. Kd1 Rg8 13. c3 Ne6
14. g3 Rd8 15. Ke2 Rg6 16. Be3 Bd6 17. a4 h5 18. Ra3 Ke7 19. Rb3 b6 20. a5
Bc7 21. axb6 Bxb6 22. Rb5 Rc8 23. Rf1 h4 24. gxh4 Nf4+ 25. Bxf4 exf4 26.
Rxf4 Rg2+ 27. Rf2 Rcg8 28. Rb3 Rxf2+ 29. Kxf2 Rg4 30. Ra3 Rxh4 31. Kg2 f5
32. exf5 Rf4 33. Ra1 Rxf5 34. Re1+ Kf6 35. Rf1 Rxf1 36. Kxf1 Kg6 37. Ke2 f5
38. Ke3 Kg5 39. d4 cxd4+ 40. cxd4 Bc7 41. h3 Kh4 42. Bf1 Kg3 43. d5 Bb6+
44. Kd3 Kf2 45. h4 Bc5 46. h5 Bf8 47. Bh3 f4 48. Ke4 Kg3 49. Bf1 f3 50. Kf5
a5 51. Ke6 1-0

[Event "Mercantile Bank 33rd ch-BAN"]
[Site "Dhaka BAN"]
[Date "2007.04.12"]
[Round "10"]
[White "Islam,Kh"]
[Black "Rahman,Zia"]
[Result "1-0"]
[WhiteElo "2315"]
[BlackElo "2543"]
[EventDate "2007.04.02"]

1. d4 e6 2. c4 b6 3. Nf3 Bb7 4. Nc3 Nf6 5. a3 d5 6. Bg5 Be7 7. e3 O-O 8.
Rc1 Nbd7 9. cxd5 exd5 10. Bd3 c5 11. O-O h6 12. Bf4 Ne4 13. dxc5 Nxc3 14.
Rxc3 bxc5 15. Bb1 Nf6 16. Rc1 Qb6 17. Qc2 Rac8 18. Ne5 Qe6 19. h3 Rfd8 20.
Ng4 Kf8 21. Nxf6 Bxf6 22. Qh7 Qc6 23. e4 d4 24. f3 Re8 25. e5 Bxe5 26. Be4
Qb6 27. Bxb7 Qxb7 28. Bxe5 Rxe5 29. Qh8+ Ke7 30. Qxg7 Re6 31. Rfe1 Qb6 32.
Qxh6 c4 33. Kf1 Kd7 34. Qg7 Rf6 35. Re4 d3 36. Qg4+ Re6 37. Rexc4 Rxc4 38.
Qxc4 d2 39. Rd1 Qe3 40. Qd5+ Rd6 41. Qxf7+ Kd8 42. Qg8+ Kd7 43. Qh7+ Kd8
44. Qe4 Qb3 45. Qe2 Qxb2 46. a4 Qc2 47. a5 a6 48. h4 Qc5 49. g4 Qxa5 50. h5
Qc5 51. Qe4 Qb5+ 52. Qe2 Qg5 53. Qe4 Qb5+ 54. Kf2 Qb3 55. Qe2 Qb4 56. Qe3
Qb2 57. h6 Qc2 58. h7 Qxh7 59. Rxd2 Qh2+ 60. Ke1 Qh1+ 61. Ke2 Qg2+ 62. Kd1
Qf1+ 63. Kc2 Qc4+ 64. Qc3 Qa4+ 65. Kc1 Rxd2 66. Kxd2 Qf4+ 67. Ke2 Qh2+ 68.
Kd3 Qh7+ 69. Kc4 Qf7+ 70. Kb4 Qb7+ 71. Ka3 Qe7+ 72. Kb2 Qe2+ 73. Kc1 Ke8
74. Qc6+ Kf7 75. Qd5+ Kg7 76. Qd4+ Kg8 77. Qe4 Qf1+ 78. Kc2 Qf2+ 79. Kc3
Qg3 80. Kd4 Qf2+ 81. Ke5 Qh2+ 82. Qf4 Qb2+ 83. Kf5 Qb5+ 84. Qe5 Qd3+ 85.
Qe4 Qb5+ 86. Kf6 Qb2+ 87. Qe5 Qb7 88. Qe8+ Kh7 89. Qf7+ Qxf7+ 90. Kxf7 1-0